000 00315cam a2200121ua 4500
999 _c15410
_d15410
082 _a664.028
_bDES/TH
100 _aNorman, W Desrosier .
_93086
245 _aTechnology of food preservation /
250 _a4 /
260 _aNew Delhi :
_bC B S Publishers & Distributers.
_c2004
300 _a558 ; .
942 _cBK